Govt. of
Madhya Pradesh

Inner World Poems for those who are on the fence About reading Poetry (Record no. 67935)

MARC details
000 -LEADER
fixed length control field 00294nam a22001097a 4500
082 ## - DEWEY DECIMAL CLASSIFICATION NUMBER
Classification number 821/PER
100 ## - MAIN ENTRY--AUTHOR NAME
Personal name Pereira,Michelle
245 ## - TITLE STATEMENT
Title Inner World Poems for those who are on the fence About reading Poetry
260 ## - PUBLICATION, DISTRIBUTION, ETC. (IMPRINT)
Place of publication Delhi
Name of publisher Michelle pereira
Year of publication 2024
650 ## - SUBJECT ADDED ENTRY--TOPICAL TERM
Topical Term Poetry
942 ## - ADDED ENTRY ELEMENTS (KOHA)
Koha item type Books
Holdings
Withdrawn status Lost status Damaged status Not for loan Home library Current library Date acquired Cost, normal purchase price Full call number Accession Number Price effective from Koha item type
        MACL MACL 19/04/2025 250.00 821/PER DPI003567 19/04/2025 Books